Statistics for Bordering Countries Forming Words 3

Click here to take the quiz!

General Stats

  • This quiz has been taken 595 times
    (569 since last reset)
  • The average score is 22 of 24

Answer Stats

Hint Answer % Correct
India
96%
PICKPakistan
96%
Austria
95%
Hungary
95%
China
94%
Italy
94%
Switzerland/Slovenia
94%
Algeria
93%
Slovakia/Slovenia
93%
LAMBLibya
92%
Turkey/Turkmenistan
92%
Azerbaijan/Armenia
90%
GAITGeorgia
88%
VISAVatican City
88%
CASHCzech Republic
87%
Iran
87%
TALCTunisia
86%
Kazakhstan/Kyrgyzstan
85%
Mali
85%
Chad
83%
Burkina Faso
77%

Score Distribution

Percentile by Number Answered

Percent of People with Each Score

Your Score History

You have not taken this quiz since the last reset